[Event "European Online Club-ch-F 2021"]
[Site "Online"]
[Date "2021.03.27"]
[Round "4.19"]
[White "Smirin, Ilia"]
[Black "Zhigalko, Andrey"]
[Result "1-0"]
[WhiteElo "2614"]
[BlackElo "2517"]
[Annotator "ChessBase"]
[PlyCount "91"]
[EventDate "2021.03.27"]
[EventType "team-tourn"]
[EventCountry "NET"]
[SourceTitle "playchess.com"]
[Source "ChessBase"]
[SourceQuality "1"]
[TimeControl "900+5"]

1. e4 {[%emt 0:00:00]} e5 {[%emt 0:00:03]} 2. Nf3 {[%emt 0:00:05]} Nc6 {[%emt 0:00:01]} 3. Bb5 {[%emt 0:00:03]} a6 {[%emt 0:00:02]} 4. Ba4 {[%emt 0:00:02]} b5 {[%emt 0:00:02]} 5. Bb3 {[%emt 0:00:03]} g6 {[%emt 0:00:01]} 6. c3 {[%emt 0:00:12]} Bg7 {[%emt 0:00:03]} 7. d4 {[%emt 0:00:06]} exd4 {[%emt 0:00:00]} 8. cxd4 {[%emt 0:00:04]} Nge7 {[%emt 0:00:06]} 9. d5 {[%emt 0:00:13]} Na5 {[%emt 0:00:04]} 10. Bd2 {[%emt 0:00:02]} Nxb3 {[%emt 0:00:08]} 11. Qxb3 {[%emt 0:00:04]} c5 {[%emt 0:00:39]} 12. Bc3 {[%emt 0:00:55]} f6 {[%emt 0:00:06]} 13. a3 {[%emt 0:00:07]} d6 {[%emt 0:00:08]} 14. O-O {[%emt 0:00:08]} O-O {[%emt 0:00:11]} 15. Nbd2 {[%emt 0:00:36]} g5 {[%emt 0:00:19]} 16. Qc2 {[%emt 0:00:19]} Ng6 {[%emt 0:01:00]} 17. b4 {[%emt 0:00:24]} g4 {[%emt 0:02:47]} 18. Ne1 {[%emt 0:00:05]} cxb4 {[%emt 0:01:29]} 19. axb4 {[%emt 0:00:05]} Ra7 {[%emt 0:02:16]} 20. Bd4 {[%emt 0:01:50]} Rc7 {[%emt 0:00:32]} 21. Qb2 {[%emt 0:00:10]} f5 {[%emt 0:00:06]} 22. Bxg7 {[%emt 0:00:30]} Rxg7 {[%emt 0:00:00]} 23. Nc2 {[%emt 0:00:14]} Nf4 {[%emt 0:00:58]} 24. Ra3 {[%emt 0:01:46]} Bb7 {[%emt 0:00:40]} 25. Ne3 {[%emt 0:00:36]} fxe4 {[%emt 0:00:24]} 26. Nxe4 {[%emt 0:00:03]} Qe7 {[%emt 0:01:05]} 27. Ng3 {[%emt 0:00:29]} Rg5 {[%emt 0:00:11]} 28. Rc1 {[%emt 0:00:41]} Bxd5 {[%emt 0:00:44]} 29. Nxd5 {[%emt 0:00:47]} Rxd5 {[%emt 0:00:03]} 30. Rxa6 {[%emt 0:00:28]} Nd3 {[%emt 0:01:04]} 31. Qb3 {[%emt 0:00:18]} Qf7 {[%emt 0:00:05]} 32. Rf1 {[%emt 0:00:09]} Rd4 {[%emt 0:00:56]} 33. Qc3 {[%emt 0:01:07]} Qc4 {[%emt 0:00:10]} 34. Qa1 {[%emt 0:01:09]} Qxb4 {[%emt 0:00:22]} 35. Ra8 {[%emt 0:00:14]} Rdf4 {[%emt 0:00:31]} 36. Nh5 {[%emt 0:00:16]} R4f7 {[%emt 0:00:01]} 37. Rxf8+ {[%emt 0:00:25]} Kxf8 {[%emt 0:00:00]} 38. Qh8+ {[%emt 0:00:34]} Ke7 {[%emt 0:00:02]} 39. Ng7 {[%emt 0:00:01]} Ne5 {[%emt 0:00:17]} 40. Qxh7 {[%emt 0:01:14]} Qf4 {[%emt 0:00:17]} 41. Qh8 {[%emt 0:00:20]} Qg5 {[%emt 0:00:16]} 42. Qe8+ {[%emt 0:00:46]} Kf6 {[%emt 0:00:02]} 43. Ne6 {[%emt 0:00:05]} Qg6 {[%emt 0:00:12]} 44. Nd8 {[%emt 0:00:06]} Re7 {[%emt 0:00:11]} 45. Qf8+ {[%emt 0:00:04]} Kg5 {[%emt 0:00:03]} 46. Qxe7+ {[%emt 0:00:14]} 1-0

[Event "European Online Club-ch-F 2021"]
[Site "Online"]
[Date "2021.03.27"]
[Round "4.20"]
[White "Kazakouski, Valery"]
[Black "Fridman, Daniel"]
[Result "1/2-1/2"]
[WhiteElo "2476"]
[BlackElo "2601"]
[Annotator "ChessBase"]
[PlyCount "99"]
[EventDate "2021.03.27"]
[EventType "team-tourn"]
[EventCountry "NET"]
[SourceTitle "playchess.com"]
[Source "ChessBase"]
[SourceQuality "1"]
[TimeControl "900+5"]

1. Nf3 {[%emt 0:00:00]} d5 {[%emt 0:00:06]} 2. c4 {[%emt 0:00:04]} e6 {[%emt 0:00:05]} 3. g3 {[%emt 0:00:08]} Nf6 {[%emt 0:00:02]} 4. b3 {[%emt 0:00:16]} d4 {[%emt 0:00:18]} 5. Bg2 {[%emt 0:00:03]} c5 {[%emt 0:00:02]} 6. e3 {[%emt 0:00:02]} Nc6 {[%emt 0:00:02]} 7. exd4 {[%emt 0:00:01]} cxd4 {[%emt 0:00:02]} 8. O-O {[%emt 0:00:01]} Bd6 {[%emt 0:00:14]} 9. d3 {[%emt 0:00:28]} O-O {[%emt 0:00:05]} 10. Bg5 {[%emt 0:01:19]} h6 {[%emt 0:00:04]} 11. Bxf6 {[%emt 0:00:03]} Qxf6 {[%emt 0:00:00]} 12. a3 {[%emt 0:00:25]} a5 {[%emt 0:00:31]} 13. Nbd2 {[%emt 0:00:11]} Qe7 {[%emt 0:00:38]} 14. Qc1 {[%emt 0:00:22]} f5 {[%emt 0:02:20]} 15. Re1 {[%emt 0:00:12]} e5 {[%emt 0:01:03]} 16. c5 {[%emt 0:02:00]} Bc7 {[%emt 0:01:59]} 17. Rb1 {[%emt 0:00:34]} Qf6 {[%emt 0:01:20]} 18. b4 {[%emt 0:00:55]} axb4 {[%emt 0:00:03]} 19. axb4 {[%emt 0:00:00]} Be6 {[%emt 0:00:01]} 20. b5 {[%emt 0:01:02]} Ne7 {[%emt 0:00:29]} 21. Nc4 {[%emt 0:00:59]} e4 {[%emt 0:01:09]} 22. dxe4 {[%emt 0:01:04]} fxe4 {[%emt 0:00:03]} 23. Rxe4 {[%emt 0:00:02]} Bd5 {[%emt 0:01:32]} 24. Qe1 {[%emt 0:01:35]} Nf5 {[%emt 0:01:01]} 25. Nfd2 {[%emt 0:00:38]} Ra2 {[%emt 0:01:01]} 26. Re8 {[%emt 0:01:23]} Bxg2 {[%emt 0:00:09]} 27. Rxf8+ {[%emt 0:00:29]} Qxf8 {[%emt 0:00:25]} 28. Qe6+ {[%emt 0:00:23]} Kh7 {[%emt 0:00:14]} 29. Kxg2 {[%emt 0:00:11]} Qxc5 {[%emt 0:00:59]} 30. Ne4 {[%emt 0:01:00]} Qxc4 {[%emt 0:01:05]} 31. Qxf5+ {[%emt 0:00:03]} Kh8 {[%emt 0:00:02]} 32. b6 {[%emt 0:00:28]} Bd8 {[%emt 0:00:03]} 33. Qd7 {[%emt 0:00:31]} Bg5 {[%emt 0:00:10]} 34. Qxb7 {[%emt 0:00:20]} Be3 {[%emt 0:00:07]} 35. Qb8+ {[%emt 0:00:09]} Kh7 {[%emt 0:00:02]} 36. Qe5 {[%emt 0:00:08]} Qf7 {[%emt 0:00:17]} 37. Rf1 {[%emt 0:00:20]} d3 {[%emt 0:00:05]} 38. Kg1 {[%emt 0:00:08]} Bxb6 {[%emt 0:00:05]} 39. Qd6 {[%emt 0:00:09]} Qb3 {[%emt 0:00:11]} 40. Qd7 {[%emt 0:00:07]} Ra7 {[%emt 0:00:09]} 41. Qf5+ {[%emt 0:00:02]} Kh8 {[%emt 0:00:02]} 42. Qc8+ {[%emt 0:00:02]} Kh7 {[%emt 0:00:02]} 43. Qf5+ {[%emt 0:00:01]} Kh8 {[%emt 0:00:02]} 44. Rc1 {[%emt 0:00:10]} Ra8 {[%emt 0:00:07]} 45. Rc8+ {[%emt 0:00:05]} Rxc8 {[%emt 0:00:03]} 46. Qxc8+ {[%emt 0:00:00]} Kh7 {[%emt 0:00:02]} 47. Qf5+ {[%emt 0:00:01]} Kh8 {[%emt 0:00:03]} 48. Qc8+ {[%emt 0:00:14]} Kh7 {[%emt 0:00:02]} 49. Qf5+ {[%emt 0:00:05]} Kh8 {[%emt 0:00:02]} 50. Qc8+ {[%emt 0:00:02]} 1/2-1/2

[Event "European Online Club-ch-F 2021"]
[Site "Online"]
[Date "2021.03.27"]
[Round "5.1"]
[White "Agrest, Evgenij"]
[Black "Pulkkinen, Kari"]
[Result "1-0"]
[WhiteElo "2568"]
[BlackElo "2256"]
[Annotator "ChessBase"]
[PlyCount "51"]
[EventDate "2021.03.27"]
[EventType "team-tourn"]
[EventCountry "NET"]
[SourceTitle "playchess.com"]
[Source "ChessBase"]
[SourceQuality "1"]
[TimeControl "900+5"]

1. d4 {[%emt 0:00:00]} Nf6 {[%emt 0:00:04]} 2. Nc3 {[%emt 0:00:03]} d5 {[%emt 0:00:03]} 3. Bf4 {[%emt 0:00:04]} c6 {[%emt 0:00:04]} 4. e3 {[%emt 0:00:09]} g6 {[%emt 0:00:09]} 5. h4 {[%emt 0:00:06]} h5 {[%emt 0:00:04]} 6. Be2 {[%emt 0:00:06]} Bg7 {[%emt 0:00:03]} 7. Nf3 {[%emt 0:00:03]} Bg4 {[%emt 0:00:05]} 8. Ne5 {[%emt 0:00:07]} Bxe2 {[%emt 0:00:03]} 9. Qxe2 {[%emt 0:00:04]} Nfd7 {[%emt 0:00:02]} 10. Nf3 {[%emt 0:00:42]} Nf6 {[%emt 0:00:20]} 11. O-O-O {[%emt 0:00:45]} Nbd7 {[%emt 0:00:07]} 12. Ne5 {[%emt 0:00:42]} e6 {[%emt 0:00:27]} 13. f3 {[%emt 0:00:12]} Nxe5 {[%emt 0:00:12]} 14. Bxe5 {[%emt 0:00:06]} Qa5 {[%emt 0:00:41]} 15. Kb1 {[%emt 0:00:21]} O-O-O {[%emt 0:00:26]} 16. e4 {[%emt 0:01:15]} Ne8 {[%emt 0:00:47]} 17. Qf2 {[%emt 0:02:04]} Rg8 {[%emt 0:02:40]} 18. g4 {[%emt 0:00:26]} Rh8 {[%emt 0:00:21]} 19. Rhe1 {[%emt 0:01:32]} Nf6 {[%emt 0:00:48]} 20. Qg3 {[%emt 0:01:57]} Ne8 {[%emt 0:00:42]} 21. a3 {[%emt 0:00:54]} Bxe5 {[%emt 0:00:36]} 22. dxe5 {[%emt 0:00:18]} Qc7 {[%emt 0:00:43]} 23. Ne2 {[%emt 0:00:40]} dxe4 {[%emt 0:00:15]} 24. fxe4 {[%emt 0:00:07]} Rxd1+ {[%emt 0:00:11]} 25. Rxd1 {[%emt 0:00:04]} Nf6 {[%emt 0:00:02]} 26. exf6 {[%emt 0:00:05]} 1-0

[Event "European Online Club-ch-F 2021"]
[Site "Online"]
[Date "2021.03.27"]
[Round "5.2"]
[White "Graeffe, Petri"]
[Black "Zhigalko, Andrey"]
[Result "0-1"]
[WhiteElo "2043"]
[BlackElo "2517"]
[Annotator "ChessBase"]
[PlyCount "84"]
[EventDate "2021.03.27"]
[EventType "team-tourn"]
[EventCountry "NET"]
[SourceTitle "playchess.com"]
[Source "ChessBase"]
[SourceQuality "1"]
[TimeControl "900+5"]

1. Nf3 {[%emt 0:00:00]} c5 {[%emt 0:00:07]} 2. e3 {[%emt 0:00:11]} g6 {[%emt 0:00:20]} 3. c4 {[%emt 0:00:04]} Bg7 {[%emt 0:00:02]} 4. d4 {[%emt 0:00:03]} Nf6 {[%emt 0:00:08]} 5. Nc3 {[%emt 0:00:02]} O-O {[%emt 0:00:06]} 6. Be2 {[%emt 0:00:08]} cxd4 {[%emt 0:00:20]} 7. exd4 {[%emt 0:00:02]} d5 {[%emt 0:00:03]} 8. O-O {[%emt 0:00:02]} Nc6 {[%emt 0:00:03]} 9. cxd5 {[%emt 0:00:36]} Nxd5 {[%emt 0:00:00]} 10. Bc4 {[%emt 0:00:02]} Nxc3 {[%emt 0:01:12]} 11. bxc3 {[%emt 0:00:03]} Na5 {[%emt 0:01:07]} 12. Bd3 {[%emt 0:00:54]} Be6 {[%emt 0:00:18]} 13. Qe2 {[%emt 0:00:21]} Rc8 {[%emt 0:00:07]} 14. Bd2 {[%emt 0:00:15]} Bc4 {[%emt 0:00:26]} 15. Rfe1 {[%emt 0:00:32]} e6 {[%emt 0:00:37]} 16. Bf4 {[%emt 0:03:02]} Bxd3 {[%emt 0:01:47]} 17. Qxd3 {[%emt 0:00:03]} Nc4 {[%emt 0:00:08]} 18. Rab1 {[%emt 0:01:33]} Qd5 {[%emt 0:00:35]} 19. a4 {[%emt 0:00:48]} Rfd8 {[%emt 0:00:40]} 20. Rb5 {[%emt 0:00:51]} Qc6 {[%emt 0:00:06]} 21. Rb4 {[%emt 0:02:35]} Nb6 {[%emt 0:01:57]} 22. a5 {[%emt 0:00:18]} Nd5 {[%emt 0:00:06]} 23. Be5 {[%emt 0:00:20]} f6 {[%emt 0:01:13]} 24. Bg3 {[%emt 0:00:43]} Nxb4 {[%emt 0:00:07]} 25. cxb4 {[%emt 0:00:01]} Qd5 {[%emt 0:01:14]} 26. Qe3 {[%emt 0:00:22]} Rc6 {[%emt 0:00:06]} 27. h4 {[%emt 0:00:05]} Rdc8 {[%emt 0:00:30]} 28. Kh2 {[%emt 0:00:13]} h6 {[%emt 0:01:08]} 29. Qe2 {[%emt 0:00:04]} a6 {[%emt 0:00:14]} 30. Qd3 {[%emt 0:00:09]} Kf7 {[%emt 0:00:09]} 31. Qe3 {[%emt 0:00:07]} g5 {[%emt 0:00:09]} 32. Nd2 {[%emt 0:00:43]} Rc3 {[%emt 0:00:32]} 33. Qe4 {[%emt 0:00:03]} f5 {[%emt 0:00:27]} 34. Qxd5 {[%emt 0:00:13]} exd5 {[%emt 0:00:00]} 35. Nf3 {[%emt 0:00:02]} f4 {[%emt 0:00:06]} 36. hxg5 {[%emt 0:00:06]} fxg3+ {[%emt 0:00:03]} 37. fxg3 {[%emt 0:00:05]} Rxf3 {[%emt 0:00:20]} 38. gxf3 {[%emt 0:00:03]} hxg5 {[%emt 0:00:04]} 39. Kh3 {[%emt 0:00:02]} Rc4 {[%emt 0:00:06]} 40. Kg4 {[%emt 0:00:03]} Kf6 {[%emt 0:00:25]} 41. b5 {[%emt 0:00:20]} axb5 {[%emt 0:00:05]} 42. Rb1 {[%emt 0:00:02]} Rxd4+ {[%emt 0:00:04]} 0-1

[Event "European Online Club-ch-F 2021"]
[Site "Online"]
[Date "2021.03.27"]
[Round "5.3"]
[White "Kazakouski, Valery"]
[Black "Puittinen, Mika"]
[Result "1-0"]
[WhiteElo "2476"]
[BlackElo "2007"]
[Annotator "ChessBase"]
[PlyCount "63"]
[EventDate "2021.03.27"]
[EventType "team-tourn"]
[EventCountry "NET"]
[SourceTitle "playchess.com"]
[Source "ChessBase"]
[SourceQuality "1"]
[TimeControl "900+5"]

1. Nf3 {[%emt 0:00:00]} e6 {[%emt 0:00:06]} 2. c4 {[%emt 0:00:03]} f5 {[%emt 0:00:04]} 3. g3 {[%emt 0:00:02]} Nf6 {[%emt 0:00:03]} 4. Bg2 {[%emt 0:00:02]} Be7 {[%emt 0:00:03]} 5. O-O {[%emt 0:00:02]} O-O {[%emt 0:00:02]} 6. d4 {[%emt 0:00:17]} d6 {[%emt 0:00:06]} 7. Nc3 {[%emt 0:00:03]} Ne4 {[%emt 0:00:03]} 8. Qd3 {[%emt 0:01:03]} Nxc3 {[%emt 0:00:11]} 9. bxc3 {[%emt 0:00:01]} Nc6 {[%emt 0:00:43]} 10. e4 {[%emt 0:00:13]} e5 {[%emt 0:00:13]} 11. dxe5 {[%emt 0:00:32]} dxe5 {[%emt 0:01:14]} 12. Qd5+ {[%emt 0:00:03]} Kh8 {[%emt 0:00:02]} 13. Re1 {[%emt 0:01:10]} Bf6 {[%emt 0:00:53]} 14. Ba3 {[%emt 0:01:12]} Re8 {[%emt 0:00:08]} 15. Rad1 {[%emt 0:00:05]} Be6 {[%emt 0:01:24]} 16. Qb5 {[%emt 0:00:04]} Qc8 {[%emt 0:00:13]} 17. exf5 {[%emt 0:00:07]} Bxf5 {[%emt 0:00:14]} 18. Nd2 {[%emt 0:00:10]} a6 {[%emt 0:01:21]} 19. Qa4 {[%emt 0:01:24]} b5 {[%emt 0:03:20]} 20. cxb5 {[%emt 0:01:48]} axb5 {[%emt 0:00:03]} 21. Qxb5 {[%emt 0:00:02]} Rxa3 {[%emt 0:00:04]} 22. Bxc6 {[%emt 0:00:30]} Rd8 {[%emt 0:00:04]} 23. Nc4 {[%emt 0:01:37]} Rxa2 {[%emt 0:00:22]} 24. Rxd8+ {[%emt 0:00:27]} Qxd8 {[%emt 0:00:12]} 25. Nxe5 {[%emt 0:00:10]} Be6 {[%emt 0:02:21]} 26. Nd7 {[%emt 0:02:25]} Bg8 {[%emt 0:01:59]} 27. Bd5 {[%emt 0:00:52]} Bxc3 {[%emt 0:01:09]} 28. Bxg8 {[%emt 0:01:08]} Ra5 {[%emt 0:00:09]} 29. Qd3 {[%emt 0:00:18]} Rh5 {[%emt 0:00:28]} 30. Qxc3 {[%emt 0:00:14]} Kxg8 {[%emt 0:00:04]} 31. Qc4+ {[%emt 0:00:11]} Kh8 {[%emt 0:00:03]} 32. Qf7 {[%emt 0:00:02]} 1-0

[Event "European Online Club-ch-F 2021"]
[Site "Online"]
[Date "2021.03.27"]
[Round "5.4"]
[White "Kivilahti, Rami"]
[Black "Meribanov, Vitaly"]
[Result "0-1"]
[WhiteElo "1962"]
[BlackElo "2406"]
[Annotator "NA"]
[PlyCount "94"]
[EventDate "2021.03.27"]
[EventType "team-tourn"]
[EventCountry "NET"]
[SourceTitle "playchess.com"]
[Source "ChessBase"]
[SourceQuality "1"]
[TimeControl "900+5"]

1. d4 {[%emt 0:00:00]} Nf6 {[%emt 0:00:05]} 2. Nf3 {[%emt 0:00:04]} c5 {[%emt 0:00:02]} 3. c3 {[%emt 0:00:06]} g6 {[%emt 0:00:03]} 4. Qb3 {[%emt 0:00:12]} Bg7 {[%emt 0:00:14]} 5. Bg5 {[%emt 0:00:15]} O-O {[%emt 0:00:04]} 6. Nbd2 {[%emt 0:00:07]} d6 {[%emt 0:00:08]} 7. e4 {[%emt 0:00:19]} Nbd7 {[%emt 0:00:44]} 8. Be2 {[%emt 0:00:43]} Qc7 {[%emt 0:00:14]} 9. h3 {[%emt 0:00:43]} a6 {[%emt 0:00:13]} 10. a4 {[%emt 0:00:17]} b6 {[%emt 0:00:40]} 11. O-O {[%emt 0:02:19]} e6 {[%emt 0:00:41]} 12. Rfe1 {[%emt 0:00:22]} Bb7 {[%emt 0:00:11]} 13. Bf1 {[%emt 0:00:55]} h6 {[%emt 0:00:47]} 14. Bf4 {[%emt 0:00:35]} e5 {[%emt 0:00:08]} 15. dxe5 {[%emt 0:00:53]} dxe5 {[%emt 0:00:10]} 16. Bh2 {[%emt 0:00:29]} Rad8 {[%emt 0:00:16]} 17. Rad1 {[%emt 0:00:46]} Rfe8 {[%emt 0:00:32]} 18. Qc2 {[%emt 0:00:51]} Nb8 {[%emt 0:01:21]} 19. g4 {[%emt 0:01:44]} Bc6 {[%emt 0:04:27]} 20. b4 {[%emt 0:01:02]} b5 {[%emt 0:02:50]} 21. a5 {[%emt 0:00:50]} c4 {[%emt 0:00:13]} 22. Bg3 {[%emt 0:00:18]} Nbd7 {[%emt 0:00:16]} 23. Bg2 {[%emt 0:00:30]} Qb7 {[%emt 0:00:10]} 24. Nh2 {[%emt 0:00:17]} Nf8 {[%emt 0:00:08]} 25. Nhf1 {[%emt 0:00:38]} N8h7 {[%emt 0:00:26]} 26. Bh4 {[%emt 0:00:11]} Ng5 {[%emt 0:00:20]} 27. Bxg5 {[%emt 0:00:13]} hxg5 {[%emt 0:00:02]} 28. Ng3 {[%emt 0:00:02]} Rd3 {[%emt 0:00:11]} 29. Bf1 {[%emt 0:00:08]} Rd7 {[%emt 0:00:14]} 30. Nf3 {[%emt 0:00:15]} Rxd1 {[%emt 0:00:11]} 31. Qxd1 {[%emt 0:00:04]} Nxe4 {[%emt 0:00:04]} 32. Nxe4 {[%emt 0:00:04]} Bxe4 {[%emt 0:00:01]} 33. Nxg5 {[%emt 0:00:00]} Bd5 {[%emt 0:00:20]} 34. Qe2 {[%emt 0:00:09]} e4 {[%emt 0:00:18]} 35. Qe3 {[%emt 0:00:19]} Bh6 {[%emt 0:00:20]} 36. Qf4 {[%emt 0:00:13]} Qe7 {[%emt 0:00:09]} 37. h4 {[%emt 0:00:20]} f6 {[%emt 0:00:09]} 38. Qd2 {[%emt 0:00:03]} Qe5 {[%emt 0:00:15]} 39. f4 {[%emt 0:00:05]} e3 {[%emt 0:00:17]} 40. fxe5 {[%emt 0:00:49]} exd2 {[%emt 0:00:01]} 41. Rd1 {[%emt 0:00:03]} fxg5 {[%emt 0:00:04]} 42. Rxd2 {[%emt 0:00:02]} Rxe5 {[%emt 0:00:02]} 43. hxg5 {[%emt 0:00:11]} Bxg5 {[%emt 0:00:04]} 44. Rd4 {[%emt 0:00:01]} Be3+ {[%emt 0:00:02]} 45. Kh2 {[%emt 0:00:02]} Bxd4 {[%emt 0:00:02]} 46. cxd4 {[%emt 0:00:01]} Re4 {[%emt 0:00:02]} 47. Bg2 {[%emt 0:00:02]} Rxd4 {[%emt 0:00:01]} 0-1

[Event "European Online Club-ch-F 2021"]
[Site "Online"]
[Date "2021.03.27"]
[Round "5.5"]
[White "Pechac, Jergus"]
[Black "Kovalenko, Igor"]
[Result "1/2-1/2"]
[WhiteElo "2507"]
[BlackElo "2643"]
[Annotator "ChessBase"]
[PlyCount "127"]
[EventDate "2021.03.27"]
[EventType "team-tourn"]
[EventCountry "NET"]
[SourceTitle "playchess.com"]
[Source "ChessBase"]
[SourceQuality "1"]
[TimeControl "900+5"]

1. d4 {[%emt 0:00:00]} Nf6 {[%emt 0:00:05]} 2. c4 {[%emt 0:00:07]} c6 {[%emt 0:00:04]} 3. Nf3 {[%emt 0:00:04]} d5 {[%emt 0:00:02]} 4. Nc3 {[%emt 0:00:01]} dxc4 {[%emt 0:00:04]} 5. a4 {[%emt 0:00:03]} Bf5 {[%emt 0:00:04]} 6. Ne5 {[%emt 0:00:02]} Nbd7 {[%emt 0:00:01]} 7. Nxc4 {[%emt 0:00:04]} Nb6 {[%emt 0:00:02]} 8. e3 {[%emt 0:00:11]} Nxc4 {[%emt 0:00:25]} 9. Bxc4 {[%emt 0:00:02]} e6 {[%emt 0:00:01]} 10. a5 {[%emt 0:00:36]} Be7 {[%emt 0:00:16]} 11. f3 {[%emt 0:01:19]} O-O {[%emt 0:00:07]} 12. e4 {[%emt 0:01:22]} Bg6 {[%emt 0:00:02]} 13. Be3 {[%emt 0:00:19]} Qc7 {[%emt 0:00:09]} 14. O-O {[%emt 0:00:49]} b5 {[%emt 0:00:16]} 15. axb6 {[%emt 0:00:48]} axb6 {[%emt 0:00:02]} 16. Qb3 {[%emt 0:01:01]} b5 {[%emt 0:00:57]} 17. Be2 {[%emt 0:00:16]} Qb7 {[%emt 0:00:04]} 18. Rfd1 {[%emt 0:01:17]} Rxa1 {[%emt 0:00:10]} 19. Rxa1 {[%emt 0:00:03]} Ra8 {[%emt 0:00:02]} 20. Rd1 {[%emt 0:00:49]} Qa7 {[%emt 0:01:43]} 21. Kf2 {[%emt 0:01:03]} Qa5 {[%emt 0:00:04]} 22. Rc1 {[%emt 0:01:46]} h6 {[%emt 0:01:02]} 23. g3 {[%emt 0:00:19]} Nd7 {[%emt 0:03:46]} 24. Nb1 {[%emt 0:00:22]} Ra6 {[%emt 0:00:10]} 25. Nd2 {[%emt 0:00:55]} Bg5 {[%emt 0:00:32]} 26. f4 {[%emt 0:00:32]} Be7 {[%emt 0:00:03]} 27. Qc2 {[%emt 0:00:45]} Nf6 {[%emt 0:00:21]} 28. Bf3 {[%emt 0:00:18]} Nd5 {[%emt 0:00:43]} 29. Qb3 {[%emt 0:01:01]} Nxe3 {[%emt 0:00:10]} 30. Kxe3 {[%emt 0:00:00]} Qb6 {[%emt 0:02:29]} 31. Qc3 {[%emt 0:00:08]} Ra4 {[%emt 0:00:14]} 32. Nb3 {[%emt 0:00:18]} Rc4 {[%emt 0:00:21]} 33. Qd2 {[%emt 0:00:02]} e5 {[%emt 0:00:10]} 34. Be2 {[%emt 0:00:42]} exd4+ {[%emt 0:00:29]} 35. Nxd4 {[%emt 0:00:03]} Rxc1 {[%emt 0:00:14]} 36. Qxc1 {[%emt 0:00:00]} c5 {[%emt 0:00:02]} 37. Nxb5 {[%emt 0:00:09]} Qe6 {[%emt 0:01:41]} 38. Nc3 {[%emt 0:00:02]} c4 {[%emt 0:00:10]} 39. Bf3 {[%emt 0:00:11]} Bc5+ {[%emt 0:00:08]} 40. Ke2 {[%emt 0:00:02]} Bd4 {[%emt 0:00:10]} 41. Qd2 {[%emt 0:00:17]} Bxc3 {[%emt 0:00:06]} 42. bxc3 {[%emt 0:00:13]} Bxe4 {[%emt 0:00:02]} 43. Bxe4 {[%emt 0:00:06]} Qxe4+ {[%emt 0:00:03]} 44. Qe3 {[%emt 0:00:01]} Qg2+ {[%emt 0:00:12]} 45. Qf2 {[%emt 0:00:02]} Qh1 {[%emt 0:00:05]} 46. Ke3 {[%emt 0:00:08]} Qc6 {[%emt 0:00:21]} 47. Qd2 {[%emt 0:00:06]} Qe6+ {[%emt 0:00:03]} 48. Kf2 {[%emt 0:00:06]} h5 {[%emt 0:00:07]} 49. Qe2 {[%emt 0:00:05]} Qb6+ {[%emt 0:00:07]} 50. Kg2 {[%emt 0:00:06]} Qc6+ {[%emt 0:00:10]} 51. Qf3 {[%emt 0:00:03]} Qd6 {[%emt 0:00:09]} 52. Qe2 {[%emt 0:00:07]} Qd5+ {[%emt 0:00:03]} 53. Kf2 {[%emt 0:00:05]} g6 {[%emt 0:00:04]} 54. Qe8+ {[%emt 0:00:04]} Kh7 {[%emt 0:00:02]} 55. Qe5 {[%emt 0:00:05]} Qd2+ {[%emt 0:00:02]} 56. Kg1 {[%emt 0:00:01]} Qd3 {[%emt 0:00:09]} 57. Kg2 {[%emt 0:00:07]} Kg8 {[%emt 0:00:03]} 58. Qe8+ {[%emt 0:00:03]} Kg7 {[%emt 0:00:02]} 59. Qe5+ {[%emt 0:00:00]} Kf8 {[%emt 0:00:03]} 60. Kf2 {[%emt 0:00:08]} Qd2+ {[%emt 0:00:03]} 61. Kg1 {[%emt 0:00:02]} Qd3 {[%emt 0:00:03]} 62. Kf2 {[%emt 0:00:03]} Qd2+ {[%emt 0:00:02]} 63. Kg1 {[%emt 0:00:02]} Qd3 {[%emt 0:00:02]} 64. Kf2 {[%emt 0:00:01]} 1/2-1/2

[Event "European Online Club-ch-F 2021"]
[Site "Online"]
[Date "2021.03.27"]
[Round "5.6"]
[White "Smirin, Ilia"]
[Black "Zwardon, Vojtech"]
[Result "1-0"]
[WhiteElo "2614"]
[BlackElo "2466"]
[Annotator "ChessBase"]
[PlyCount "61"]
[EventDate "2021.03.27"]
[EventType "team-tourn"]
[EventCountry "NET"]
[SourceTitle "playchess.com"]
[Source "ChessBase"]
[SourceQuality "1"]
[TimeControl "900+5"]

1. e4 {[%emt 0:00:00]} c5 {[%emt 0:00:02]} 2. Nf3 {[%emt 0:00:03]} Nc6 {[%emt 0:00:01]} 3. Bb5 {[%emt 0:00:04]} g6 {[%emt 0:00:01]} 4. c3 {[%emt 0:00:02]} Nf6 {[%emt 0:00:02]} 5. e5 {[%emt 0:00:01]} Nd5 {[%emt 0:00:01]} 6. O-O {[%emt 0:00:02]} Bg7 {[%emt 0:00:03]} 7. d4 {[%emt 0:00:03]} cxd4 {[%emt 0:00:00]} 8. cxd4 {[%emt 0:00:02]} d6 {[%emt 0:00:01]} 9. Nc3 {[%emt 0:00:14]} dxe5 {[%emt 0:00:03]} 10. Nxe5 {[%emt 0:00:25]} Nxc3 {[%emt 0:00:03]} 11. bxc3 {[%emt 0:01:01]} Bxe5 {[%emt 0:00:03]} 12. Bxc6+ {[%emt 0:00:28]} bxc6 {[%emt 0:00:05]} 13. dxe5 {[%emt 0:00:02]} Ba6 {[%emt 0:02:34]} 14. Qf3 {[%emt 0:00:36]} Qd5 {[%emt 0:01:23]} 15. Qxd5 {[%emt 0:00:55]} cxd5 {[%emt 0:00:00]} 16. Rd1 {[%emt 0:00:02]} Bc4 {[%emt 0:01:08]} 17. Rb1 {[%emt 0:00:06]} Bxa2 {[%emt 0:00:03]} 18. Rb7 {[%emt 0:00:03]} O-O {[%emt 0:00:05]} 19. Ba3 {[%emt 0:01:05]} a5 {[%emt 0:00:42]} 20. h3 {[%emt 0:01:37]} Rfb8 {[%emt 0:00:52]} 21. Rxe7 {[%emt 0:00:06]} Rb3 {[%emt 0:00:07]} 22. Bd6 {[%emt 0:00:15]} Rxc3 {[%emt 0:00:04]} 23. e6 {[%emt 0:00:04]} fxe6 {[%emt 0:00:45]} 24. Be5 {[%emt 0:00:07]} Rc2 {[%emt 0:00:30]} 25. Rg7+ {[%emt 0:00:56]} Kf8 {[%emt 0:00:04]} 26. Rd3 {[%emt 0:00:02]} Rc1+ {[%emt 0:01:53]} 27. Kh2 {[%emt 0:00:05]} Bb1 {[%emt 0:00:01]} 28. Rf3+ {[%emt 0:00:19]} Bf5 {[%emt 0:00:02]} 29. g4 {[%emt 0:00:03]} Re1 {[%emt 0:00:13]} 30. Rxh7 {[%emt 0:00:51]} Ra6 {[%emt 0:00:38]} 31. Rc3 {[%emt 0:00:21]} 1-0